Тепловой режим грунтов Енисейского Севера / (Record no. 184563)
[ view plain ]
| 000 -LEADER | |
|---|---|
| fixed length control field | 01141nam a2200241 u 4500 |
| 001 - CONTROL NUMBER | |
| control field | 000499211 |
| 003 - CONTROL NUMBER IDENTIFIER | |
| control field | AM-YeHGA |
| 005 - DATE AND TIME OF LATEST TRANSACTION | |
| control field | 20250617134602.0 |
| 008 - FIXED-LENGTH DATA ELEMENTS--GENERAL INFORMATION | |
| fixed length control field | 060908s1989 ||| r 000 0 rus d |
| 040 ## - CATALOGING SOURCE | |
| Original cataloging agency | AM-YeHGA |
| 041 0# - LANGUAGE CODE | |
| Language code of text/sound track or separate title | rus |
| 090 ## - LOCALLY ASSIGNED LC-TYPE CALL NUMBER (OCLC); LOCAL CALL NUMBER (RLIN) | |
| -- | 186018 |
| 100 1# - MAIN ENTRY--PERSONAL NAME | |
| Personal name | Скрябин, Павел Николаевич |
| 245 10 - TITLE STATEMENT | |
| Title | Тепловой режим грунтов Енисейского Севера / |
| Statement of responsibility, etc. | П.Н. Скрябин, Б.П. Сергеев; Отв. ред.: А.В. Павлов; АН СССР, Сиб. отд-ние, Ин-т мерзлотоведения. |
| 260 ## - PUBLICATION, DISTRIBUTION, ETC. | |
| Place of publication, distribution, etc. | Якутск : |
| Name of publisher, distributor, etc. | Ин-т мерзлотоведения, |
| Date of publication, distribution, etc. | 1989. |
| 300 ## - PHYSICAL DESCRIPTION | |
| Extent | 175 с. : |
| Other physical details | ил. |
| 504 ## - BIBLIOGRAPHY, ETC. NOTE | |
| Bibliography, etc. note | Библиогр.: с. 164-174 |
| 653 0# - INDEX TERM--UNCONTROLLED | |
| Uncontrolled term | Грунты мерзлые - Температурный режим - Енисейский кряж |
| 700 1# - ADDED ENTRY--PERSONAL NAME | |
| Personal name | Сергеев, Борис Поликарпович |
| 700 1# - ADDED ENTRY--PERSONAL NAME | |
| Personal name | Павлов, А.В. |
| Relator term | ред. |
| Relationship | edt |
| 710 2# - ADDED ENTRY--CORPORATE NAME | |
| Corporate name or jurisdiction name as entry element | Академия наук СССР |
| Subordinate unit | Сибирское отделение |
| 710 2# - ADDED ENTRY--CORPORATE NAME | |
| Corporate name or jurisdiction name as entry element | Институт мерзлотоведения СО АН СССР |
| Withdrawn status | Lost status | Damaged status | Not for loan | Collection | Home library | Current library | Date acquired | Total checkouts | Full call number | Barcode | Date last seen | Price effective from | Koha item type | Public note |
|---|---|---|---|---|---|---|---|---|---|---|---|---|---|---|
| General | Fundamental Scientific Library | Fundamental Scientific Library | 28/12/2016 | 551.345(571.51) | 120606767 | 28/12/2016 | 28/12/2016 | Գրքեր / Books | 30 Days Loan | |||||
| General | Fundamental Scientific Library | Fundamental Scientific Library | 28/12/2016 | 551.345(571.51) | 120606768 | 28/12/2016 | 28/12/2016 | Գրքեր / Books | 30 Days Loan |
ՀՀ Գիտությունների ազգային ակադեմիայի հիմնարար գիտական գրադարան = Fundamental Scientific Library of NAS RA
All site content, except where otherwise noted, is licensed under a